El Salvador, Historia Mínima 1811-2011 (Record no. 7617)

MARC details
000 -LEADER
campo de control de longitud fija 00391nam a2200145Ia 4500
001 - NÚMERO DE CONTROL
campo de control 2702
008 - DATOS DE LONGITUD FIJA--INFORMACIÓN GENERAL
campo de control de longitud fija 241024s9999 xx 000 0 und d
020 ## - NÚMERO INTERNACIONAL ESTÁNDAR DEL LIBRO
Número Internacional Estándar del Libro 978-9945-074-70-3
082 ## - NÚMERO DE LA CLASIFICACIÓN DECIMAL DEWEY
Número de clasificación RD/972.84/AR673s
100 ## - ENTRADA PRINCIPAL--NOMBRE DE PERSONA
Nombre de persona Archivo General de la Nación (AGN)
245 #0 - MENCIÓN DEL TÍTULO
Título El Salvador, Historia Mínima 1811-2011
260 ## - PUBLICACIÓN, DISTRIBUCIÓN, ETC.
Nombre del editor, distribuidor, etc. Ed. Búho
Fecha de publicación, distribución, etc. 2012
901 ## - ELEMENTOS DE DATOS A LOCAL LDA (RLIN)
a 27/12/2012 4:22:21 p.m.

No items available.

© 2024. Todos los Derechos Reservados. Desarrollado por IDEICE